Taylor Swift - Chansons par emoji 1 - Statistiques

Statistiques générales
  • Ce quiz a été pris 7 175 fois
    7 163 depuis la dernière actualisation
  • Le résultat moyen est 10 sur 20
Statistiques - réponses
Hint Réponse % Correct
🔚🎮 End Game
88%
🏹 The Archer
81%
👎🩸 Bad Blood
77%
🔙🎄🎅 Back to December
71%
📄💍 Paper Rings
71%
🛑❤️🌹🌶🚨☎️🎈 Red
67%
👱‍♀️🇺🇸💔🤴 Miss Americana And The Heartbreak Prince
62%
❄️🏖 Snow on The Beach
62%
🕛🌧 Midnight Rain
61%
👋🏙 Welcome To New York
57%
🤠🫵 Cowboy Like Me
55%
🧹🧽 Clean
47%
✌️✌️ 22
44%
🤴❤️ King of My Heart
43%
⬅️🌲🌳 Out of The Woods
33%
👶 Babe
31%
👿 Mean
25%
👃🫁 Breathe
23%
🌴🦍😴 Wildest Dreams
6%
🕑🏃‍♀️ It's Time To Go
3%
Aucun quiz correspondant
Distribution des résultats
% des personnes avec chaque résultat
Percentile par nombre de réponses
Votre historique - résultats
Vous n’avez pas pris ce quiz depuis la dernière actualisation